• 首页
  • 本馆介绍
  • 公告通知
  • 最新文献
  • 馆藏检索
  • 电子资源
  • 读者导购
  • 参考咨询
  • 我的图书馆
  • 登录
  • 详细信息显示
  • 放入我的书架
  • 预约/预借图书
  • 作者相关作品
  • 分类相关作品
  • 丛书相关作品
  • 出版社相关作品

书目信息

  • 表格格式
  • 工作单格式
  • 卡片格式
题名:
MySQL开发与实践
    
 
作者: 付森 , 石亮 主编
分册:  
出版信息: 北京   人民邮电出版社  2014.8
页数: 250页
开本: 26cm
丛书名:
单 册:
中图分类: TP311.138-43 , TP311.138SQ-43
科图分类:
主题词: 关系数据库--数据库管理系统--高等学校--教材
电子资源:
ISBN: 978-7-115-35299-6
000 01179nam0 2200301 450
001 0400002312
005 20171020162750.0
010    @a978-7-115-35299-6@dCNY43.00(含光盘)
010    @a978-7-89397-097-9@b光盘
100    @a20151327e20172014em y0chiy50 ea
101 0  @achi
102    @aCN@b110000
105    @aak z 000yy
106    @ar
200 1  @aMySQL开发与实践@9MySQL kai fa yu shi zhan@f付森, 石亮主编
210    @a北京@c人民邮电出版社@d2014.8@h2017.1
215    @a250页@c图@d26cm@e光盘1片
300    @a普通高等学校计算机教育“十二五”规划教材
300    @a卓越工程师培养计划推荐教材——软件开发类
330    @a全书共分16章,内容包括数据库基础、MySQL概述、MySQL语言基础、数据库和表的操作、数据库的查询、索引、视图、数据完整性约束、存储过程与存储函数、触发器、事件、备份与恢复、MySQL性能优化、权限管理及安全控制、使用PHP管理MySQL数据库中的数据和综合案例——日记本程序。
606 0  @a关系数据库@x数据库管理系统@x高等学校@j教材
610 0  @aMySQL
690    @aTP311.138-43@v5
690    @aTP311.138SQ-43@v5
701  0 @a付森@9fu sen@4主编
701  0 @a石亮@9shi liang@4主编
801  0 @aCN@b91MARC@c20171020
905    @b1032015-9@dTP311.138-43@f5@e1150
    
    MySQL开发与实践/付森, 石亮主编.-北京:人民邮电出版社,2014.8(2017.1)
    250页:图;26cm+光盘1片
    普通高等学校计算机教育“十二五”规划教材.-卓越工程师培养计划推荐教材——软件开发类
    
    ISBN 978-7-115-35299-6:CNY43.00(含光盘)
    全书共分16章,内容包括数据库基础、MySQL概述、MySQL语言基础、数据库和表的操作、数据库的查询、索引、视图、数据完整性约束、存储过程与存储函数、触发器、事件、备份与恢复、MySQL性能优化、权限管理及安全控制、使用PHP管理MySQL数据库中的数据和综合案例——日记本程序。
●
相关链接 在E读中查询图书 在五车中查询图书 在当当中查询图书 在豆瓣中查询图书


正题名:MySQL开发与实践     索取号:TP311.138-43/1150         预约/预借

序号 登录号 条形码 馆藏地/架位号 状态 备注
1 1032015   210320151   第二样本阅览室/ [索取号:TP311.138-43/1150] 在馆    
2 1032016   210320160   密集书库—计算机科学学院/ [索取号:TP311.138-43/1150] 在馆    
3 1032017   210320179   第三借阅区/ [索取号:TP311.138-43/1150] 在馆    
4 1032018   210320188   第三借阅区/ [索取号:TP311.138-43/1150] 在馆    
5 1032019   210320197   第三借阅区/ [索取号:TP311.138-43/1150] 在馆    
唐山师范学院图书馆 欢迎您!
大连网信软件有限公司© 版权所有